00548nam a2200193 a 4500001001300000003000900013005001700022008004100039020001000080082001500090100002100105245006100126260003700187300000900224500003500233505003000268650003500298700002100333nice12345678IN_TiNIC20260116011806.0050524s1938 beia grs 000 0 03g  ac10000a227.7bJAD aJadeed, Iskandar aAlmasih Fi-Kumb Raja-Ul-Majd, Commentary on Colossians. aBeirutbMarkaz Ilshabiyatac1938 a126p aincludes index and biblioraphy2 a3 volumes bound together. aBible N.T. Epistles Colossians1 aJadeed, Iskandar